[Event "7th Chennai Open"]
[Site "Chennai"]
[Date "2015.01.02"]
[Round "5"]
[White "Prasanna, Raghuram Rao"]
[Black "Srinath, Rao S.V"]
[Result "1-0"]
[WhiteElo "2436"]
[BlackElo "2027"]
[PlyCount "73"]
[EventDate "2014.12.30"]
[EventType "swiss"]
[EventRounds "10"]
[EventCountry "IND"]

1. d4 Nf6 2. Nf3 d5 3. Bf4 e6 4. e3 Bd6 5. Bg3 Ne4 6. Bh4 Be7 7. Bxe7 Qxe7 8.
c3 Nd7 9. Bd3 f5 10. Nbd2 O-O 11. O-O Kh8 12. Ne5 Nxe5 13. dxe5 b6 14. Nb3 Bb7
15. Bc2 a5 16. f3 Nc5 17. Nd4 Nd7 18. f4 g5 19. Qh5 Rg8 20. Rf3 g4 21. Rg3 Raf8
22. Kf2 c5 23. Nb5 Ba6 24. Nd6 Nf6 25. exf6 Qxd6 26. h3 d4 27. Rd1 Rxf6 28.
hxg4 e5 29. fxe5 Qxe5 30. Bxf5 Rgg6 31. cxd4 cxd4 32. Rf3 Rh6 33. Qg5 Rhg6 34.
Qf4 dxe3+ 35. Qxe3 Qxb2+ 36. Rd2 Qa1 37. Bxg6 1-0

[Event "7th Chennai Open"]
[Site "Chennai"]
[Date "2015.01.02"]
[Round "5"]
[White "Rajesh, V A V."]
[Black "Mohammad, Ashraf"]
[Result "1/2-1/2"]
[WhiteElo "2408"]
[BlackElo "2175"]
[PlyCount "169"]
[EventDate "2014.12.30"]
[EventType "swiss"]
[EventRounds "10"]
[EventCountry "IND"]

1. d4 Nf6 2. c4 e6 3. Nf3 Bb4+ 4. Bd2 Qe7 5. Nc3 Nc6 6. g3 O-O 7. Bg2 Na5 8. b3
b6 9. Ne5 Bb7 10. Bxb7 Nxb7 11. O-O Rac8 12. Nb5 Bxd2 13. Qxd2 c6 14. Nc3 d6
15. Nf3 d5 16. cxd5 cxd5 17. Rfc1 Nd6 18. Ne5 Rc7 19. f3 Rfc8 20. e3 Nd7 21.
Nd3 g6 22. Ne2 Kg7 23. Rxc7 Rxc7 24. Rc1 Qd8 25. Rxc7 Qxc7 26. Qc3 Qxc3 27.
Nxc3 g5 28. Kf2 f6 29. Ke2 Kf7 30. Nb4 Nb8 31. Kd3 Ke7 32. e4 dxe4+ 33. fxe4
Kd7 34. e5 fxe5 35. dxe5 Nf7 36. Ke4 a5 37. Nd3 Nc6 38. Nd1 Ne7 39. Ne3 Kc6 40.
Kd4 Ng6 41. Ng4 Kc7 42. Nf6 h6 43. Ng4 Kc6 44. Ne3 Kc7 45. a4 Kc6 46. Ke4 Kc7
47. h3 Kd7 48. Nc4 Kc6 49. Na3 Kc7 50. Nb5+ Kc6 51. Nd4+ Kd7 52. Nc2 Kc7 53.
Ne3 Kd7 54. Nc4 Kc6 55. Ne1 Kc5 56. Nf3 Ne7 57. Nd4 Nd8 58. Nc2 Nf7 59. Nb2 Kc6
60. Nd4+ Kd7 61. Nc4 Nd5 62. Nb5 Kc6 63. Nb2 Kc5 64. Nd3+ Kc6 65. Kd4 Ne7 66.
Ke4 Nd5 67. g4 Kd7 68. Nb2 Kc6 69. Nd3 Kd7 70. Nb2 Kc6 71. Nd4+ Kd7 72. Nc4 Nh8
73. Ne3 Nxe3 74. Kxe3 Ng6 75. Ke4 Nf4 76. h4 Nh3 77. hxg5 Nxg5+ 78. Ke3 Ke7 79.
Kd3 Nf7 80. Nf3 Kd7 81. Kc4 Kc6 82. Nd4+ Kd7 83. Nf3 Kc6 84. Nd4+ Kd7 85. Kb5
1/2-1/2

[Event "7th Chennai Open"]
[Site "Chennai"]
[Date "2015.01.02"]
[Round "5"]
[White "Nishant, Malhotra"]
[Black "Deepan, Chakkravarthy J"]
[Result "0-1"]
[WhiteElo "2167"]
[BlackElo "2489"]
[PlyCount "106"]
[EventDate "2014.12.30"]
[EventType "swiss"]
[EventRounds "10"]
[EventCountry "IND"]

1. d4 Nf6 2. c4 Nc6 3. Nc3 e5 4. d5 Ne7 5. e4 Ng6 6. Be3 Bb4 7. f3 O-O 8. a3
Bxc3+ 9. bxc3 d6 10. Qd2 Nd7 11. Ne2 Nc5 12. Nc1 f5 13. exf5 Bxf5 14. Be2 Qh4+
15. Bf2 Qe7 16. O-O Nf4 17. Bd1 Rae8 18. Be3 b6 19. Bc2 Bxc2 20. Qxc2 e4 21.
Bxf4 Rxf4 22. Ne2 Rff8 23. f4 e3 24. Rad1 Qe4 25. Qa2 Re7 26. Rd4 Qg6 27. Ng3
Ne4 28. Rxe4 Rxe4 29. f5 Qg4 30. Nxe4 Qxe4 31. Qe2 Re8 32. f6 Rf8 33. fxg7
Rxf1+ 34. Qxf1 Kxg7 35. Qe1 e2 36. Kf2 Qf4+ 37. Kxe2 Qxc4+ 38. Kf2 Qh4+ 39. g3
Qxh2+ 40. Kf3 Qh5+ 41. Kg2 Qxd5+ 42. Kh2 Qe5 43. Qd2 h5 44. Kh3 Qf5+ 45. Kh2
Kf7 46. Qh6 Ke7 47. Qg7+ Kd8 48. a4 a5 49. Qg8+ Kd7 50. Kg2 Qe4+ 51. Kh2 h4 52.
g4 Qf4+ 53. Kh1 Qf3+ 0-1

[Event "7th Chennai Open"]
[Site "Chennai"]
[Date "2015.01.02"]
[Round "5"]
[White "K., Praneeth Surya"]
[Black "Rombaldoni, Axel"]
[Result "1-0"]
[WhiteElo "2212"]
[BlackElo "2505"]
[PlyCount "105"]
[EventDate "2014.12.30"]
[EventType "swiss"]
[EventRounds "10"]
[EventCountry "IND"]

1. e4 c5 2. Nf3 e6 3. d4 cxd4 4. Nxd4 a6 5. Bd3 Bc5 6. Nb3 Ba7 7. Qg4 Nf6 8.
Qg3 Nc6 9. Nc3 d6 10. O-O O-O 11. Bg5 Kh8 12. Rad1 Ne5 13. Be2 b5 14. a3 Qc7
15. Kh1 Ng8 16. Nd2 h6 17. Be3 Bxe3 18. Qxe3 Bb7 19. f4 Nc6 20. Nb3 Nf6 21. Bf3
b4 22. axb4 Nxb4 23. Qd4 Nxc2 24. Qxd6 Qxd6 25. Rxd6 Ne3 26. Rb1 Nc4 27. Rd4
Rac8 28. Na4 e5 29. fxe5 Nxe5 30. Nac5 Ba8 31. Kg1 Nxf3+ 32. gxf3 Nh5 33. Kf2
Nf4 34. Ra1 f5 35. e5 Nh3+ 36. Kg3 Ng5 37. Rf1 Rfe8 38. f4 Ne4+ 39. Nxe4 Bxe4
40. Rc1 Rxc1 41. Nxc1 Kg8 42. Nb3 Rc8 43. Nd2 Bh1 44. Nc4 Rb8 45. e6 Bc6 46.
Rd6 Rb3+ 47. Kf2 Bb5 48. Rd8+ Kh7 49. e7 Rb4 50. b3 a5 51. Rb8 Bc6 52. Rxb4
axb4 53. Nd6 1-0

[Event "7th Chennai Open"]
[Site "Chennai"]
[Date "2015.01.02"]
[Round "6"]
[White "Swapnil, S. Dhopade"]
[Black "Dzhumaev, Marat"]
[Result "1/2-1/2"]
[WhiteElo "2418"]
[BlackElo "2532"]
[PlyCount "101"]
[EventDate "2014.12.30"]
[EventType "swiss"]
[EventRounds "10"]
[EventCountry "IND"]

1. d4 g6 2. c4 Bg7 3. Nc3 c5 4. d5 d6 5. e4 Nf6 6. Nf3 O-O 7. h3 e6 8. Bd3 Na6
9. O-O Nc7 10. dxe6 Nxe6 11. Be3 b6 12. Qd2 Bb7 13. Rad1 Nd7 14. Be2 Ne5 15.
Kh1 Nxf3 16. Bxf3 Qh4 17. Qxd6 Bxc3 18. bxc3 Bxe4 19. Qg3 Qxg3 20. fxg3 Bxf3
21. gxf3 Rfd8 22. Kg2 Rxd1 23. Rxd1 Rd8 24. Rd5 Kf8 25. Kf2 Ke7 26. Ke2 f6 27.
Rxd8 Nxd8 28. g4 Ke6 29. Bf4 Nc6 30. Ke3 g5 31. Bg3 f5 32. f4 h6 33. fxg5 hxg5
34. gxf5+ Kxf5 35. Bc7 Na5 36. Kd3 Ke6 37. Bd8 Kf5 38. Bc7 Nc6 39. Ke3 Ne5 40.
Bxe5 Kxe5 41. Kf3 Kf5 42. Ke3 Kg6 43. Kf3 Kh5 44. Kg3 a6 45. a4 a5 46. Kg2 Kh4
47. Kh2 g4 48. hxg4 Kxg4 49. Kg2 Kf4 50. Kf2 Ke4 51. Ke2 1/2-1/2

[Event "7th Chennai Open"]
[Site "Chennai"]
[Date "2015.01.02"]
[Round "6"]
[White "Mozharov, Mikhail"]
[Black "Krishna, C.R.G."]
[Result "1-0"]
[WhiteElo "2557"]
[BlackElo "2365"]
[PlyCount "163"]
[EventDate "2014.12.30"]
[EventType "swiss"]
[EventRounds "10"]
[EventCountry "IND"]

1. c4 e5 2. Nc3 Nf6 3. Nf3 Nc6 4. e3 Be7 5. Be2 O-O 6. O-O d5 7. cxd5 Nxd5 8.
Qc2 Be6 9. a3 a6 10. b4 f5 11. Nxd5 Qxd5 12. d3 Bf6 13. Bb2 Rad8 14. Rac1 Rfe8
15. Rfd1 Qb3 16. Rd2 Qxc2 17. Rdxc2 Bd5 18. Nd2 Re7 19. g3 Rdd7 20. h4 g6 21.
Bf1 Kg7 22. Rc3 Nd8 23. a4 Rf7 24. Ra3 Rfe7 25. Nb3 Rd6 26. Na5 Rb6 27. Bc3 Rd7
28. Raa1 Nf7 29. Rab1 Nd8 30. Nb3 Re7 31. Nd2 Rd7 32. b5 axb5 33. axb5 c6 34.
e4 Bf7 35. d4 exd4 36. Ba5 Rxb5 37. Bxb5 cxb5 38. Rxb5 Nc6 39. Bb6 fxe4 40.
Nxe4 Be7 41. Bc5 Bd5 42. Nd2 Bf6 43. Rb6 d3 44. Rcb1 Nd8 45. Rd6 Rxd6 46. Bxd6
Ne6 47. Rb5 Bc6 48. Rb3 h5 49. Rxd3 g5 50. hxg5 Nxg5 51. Bc5 Kg6 52. Be3 Ne6
53. Rd6 Kf5 54. Nb3 Be5 55. Rd2 Bc3 56. Rd3 Be5 57. Nc5 Nc7 58. Rd8 Nd5 59.
Rf8+ Kg6 60. Rg8+ Kf7 61. Rg5 Bd6 62. Bd4 h4 63. gxh4 Nf4 64. Kf1 b6 65. Rf5+
Ke8 66. Nb3 Bg2+ 67. Kg1 Be4 68. Rf6 Ke7 69. Rh6 Bd5 70. Rh7+ Ke8 71. Rh8+ Ke7
72. Rh7+ Ke8 73. Rh6 Ke7 74. Bf6+ Kf7 75. Bg5 Nh3+ 76. Kf1 Bc7 77. Rh7+ Kg6 78.
Rxc7 Bxb3 79. Rc6+ Kh5 80. Rxb6 Bd5 81. Rf6 Kg4 82. Ke2 1-0

[Event "7th Chennai Open"]
[Site "Chennai"]
[Date "2015.01.02"]
[Round "6"]
[White "Popov, Ivan"]
[Black "Das, Sayantan"]
[Result "1-0"]
[WhiteElo "2622"]
[BlackElo "2444"]
[PlyCount "57"]
[EventDate "2014.12.30"]
[EventType "swiss"]
[EventRounds "10"]
[EventCountry "IND"]

1. e4 e6 2. d4 d5 3. Nc3 Bb4 4. a3 Bxc3+ 5. bxc3 Ne7 6. Bd3 c5 7. exd5 exd5 8.
dxc5 Nd7 9. Qg4 O-O 10. Qh4 h6 11. Be3 Nf6 12. Qf4 Ne4 13. Bxe4 dxe4 14. Ne2
Nd5 15. Qg3 Nxe3 16. Qxe3 Qe7 17. O-O Bd7 18. Rfd1 Rfe8 19. Nf4 Ba4 20. Rd6
Rac8 21. Nd5 Qg5 22. Qd4 Bxc2 23. Rd7 Bb3 24. c4 Red8 25. h4 Qxh4 26. Rxb7 Ba4
27. Qe5 Kf8 28. Qf5 Be8 29. Qh7 1-0

[Event "7th Chennai Open"]
[Site "Chennai"]
[Date "2015.01.02"]
[Round "6"]
[White "Cruz, Jonathan"]
[Black "David, Alberto"]
[Result "1-0"]
[WhiteElo "2454"]
[BlackElo "2578"]
[PlyCount "93"]
[EventDate "2014.12.30"]
[EventType "swiss"]
[EventRounds "10"]
[EventCountry "IND"]

1. c4 e5 2. g3 Nf6 3. Bg2 d5 4. cxd5 Nxd5 5. Nf3 Nc6 6. O-O Nb6 7. b3 Be7 8.
Bb2 f6 9. d3 O-O 10. Nbd2 a5 11. a3 Be6 12. Rc1 Rf7 13. Rc2 Bf8 14. Qb1 Rd7 15.
Rfc1 Ra7 16. Rc3 Nd4 17. Nxd4 exd4 18. R3c2 c6 19. Nc4 Ra6 20. Qa1 Na8 21. Rb1
Nc7 22. Bc1 Nb5 23. Bb2 Bb4 24. Rbc1 a4 25. bxa4 Rxa4 26. Qa2 Ra6 27. Qb3 Bf8
28. a4 Nd6 29. Bh3 f5 30. e4 dxe3 31. Qc3 exf2+ 32. Rxf2 Nxc4 33. Bxf5 Bxf5 34.
Qxc4+ Rd5 35. Rxf5 Qb6+ 36. Rf2 Qe3 37. Rcf1 Ra8 38. Qg4 Re8 39. Kh1 Qe7 40.
Rf3 Qd7 41. Qc4 Rd8 42. Qb3 b5 43. axb5 cxb5 44. Be5 h5 45. d4 Qc6 46. Qb1 Bd6
47. Qg6 1-0

[Event "7th Chennai Open"]
[Site "Chennai"]
[Date "2015.01.02"]
[Round "6"]
[White "Brunello, Sabino"]
[Black "Sunilduth Lyna, Narayanan"]
[Result "1-0"]
[WhiteElo "2573"]
[BlackElo "2437"]
[PlyCount "53"]
[EventDate "2014.12.30"]
[EventType "swiss"]
[EventRounds "10"]
[EventCountry "IND"]

1. d4 Nf6 2. c4 e6 3. Nf3 d5 4. Nc3 Be7 5. Bg5 h6 6. Bh4 O-O 7. e3 b6 8. cxd5
Nxd5 9. Bg3 Bb7 10. Bd3 Nd7 11. e4 Nxc3 12. bxc3 c5 13. O-O Nf6 14. Qe2 Nh5 15.
Be5 cxd4 16. cxd4 f6 17. Bg3 Nxg3 18. hxg3 Qd6 19. Bc4 Rac8 20. Bb3 Rfe8 21.
Nh4 Bf8 22. Qg4 h5 23. Qg6 Qxd4 24. Rfe1 a5 25. Rad1 Qb4 26. Nf5 a4 27. Rd7 1-0

[Event "7th Chennai Open"]
[Site "Chennai"]
[Date "2015.01.02"]
[Round "6"]
[White "Prasanna, Raghuram Rao"]
[Black "Cruz, Cristhian"]
[Result "1/2-1/2"]
[WhiteElo "2436"]
[BlackElo "2546"]
[PlyCount "37"]
[EventDate "2014.12.30"]
[EventType "swiss"]
[EventRounds "10"]
[EventCountry "IND"]

1. d4 Nf6 2. c4 e6 3. g3 Bb4+ 4. Bd2 c5 5. Bg2 O-O 6. Nf3 Nc6 7. Bxb4 cxb4 8.
d5 Na5 9. Qd3 b6 10. Nbd2 Ba6 11. d6 Rc8 12. b3 Ne8 13. a3 bxa3 14. Rxa3 Nc6
15. Nd4 Na5 16. N4f3 Nc6 17. Nd4 Na5 18. N4f3 Nc6 19. Nd4 1/2-1/2

[Event "7th Chennai Open"]
[Site "Chennai"]
[Date "2015.01.02"]
[Round "6"]
[White "Evdokimov, Alexander A"]
[Black "Rathnakaran, K."]
[Result "1/2-1/2"]
[WhiteElo "2538"]
[BlackElo "2387"]
[PlyCount "105"]
[EventDate "2014.12.30"]
[EventType "swiss"]
[EventRounds "10"]
[EventCountry "IND"]

1. d4 Nf6 2. Bg5 e6 3. Nd2 Be7 4. c3 b6 5. e4 Bb7 6. Bd3 d5 7. e5 Nfd7 8. Bxe7
Qxe7 9. Qe2 c5 10. Ngf3 Nc6 11. a3 a5 12. Bb5 Na7 13. Bd3 Nc6 14. Nf1 O-O 15.
Ne3 f6 16. exf6 Nxf6 17. O-O Ne4 18. Rad1 cxd4 19. Nxd4 Ne5 20. Bxe4 dxe4 21.
Qb5 Nd3 22. Qxb6 Ra6 23. Qb5 Rc8 24. a4 Rc5 25. Qb3 Rh5 26. Nef5 Qc7 27. Ng3
Re5 28. f4 Rb6 29. fxe5 Rxb3 30. Rf8+ Kxf8 31. Nxe6+ Ke7 32. Nxc7 Rxb2 33. c4
Nxe5 34. Nd5+ Kf7 35. Nxe4 Nxc4 36. Rf1+ Ke6 37. Nf4+ Ke7 38. Re1 Kf7 39. Nd3
Ra2 40. Ndc5 Bxe4 41. Rxe4 Nb6 42. h3 h6 43. Kh2 Ra3 44. Nb7 Rxa4 45. Rxa4 Nxa4
46. Nxa5 Nc5 47. Nc4 Ke6 48. Kg3 g6 49. Kf4 Nd3+ 50. Ke4 Nc5+ 51. Kf4 Nd3+ 52.
Ke4 Nc5+ 53. Kf4 1/2-1/2

[Event "7th Chennai Open"]
[Site "Chennai"]
[Date "2015.01.02"]
[Round "6"]
[White "Karthikeyan, P."]
[Black "Nguyen, Duc Hoa"]
[Result "1-0"]
[WhiteElo "2400"]
[BlackElo "2507"]
[PlyCount "72"]
[EventDate "2014.12.30"]
[EventType "swiss"]
[EventRounds "10"]
[EventCountry "IND"]

1. e4 c5 2. Nf3 Nf6 3. Ng1 Ng8 4. Nf3 d6 5. d4 cxd4 6. Nxd4 Nf6 7. Nc3 g6 8.
Be3 Bg7 9. f3 Nc6 10. Qd2 O-O 11. O-O-O Nxd4 12. Bxd4 Be6 13. Kb1 a6 14. g4 b5
15. h3 b4 16. Ne2 Qa5 17. Nc1 Rfc8 18. h4 Rc6 19. Bd3 Rac8 20. Nb3 Qa4 21. Rh2
Bc4 22. Rdh1 Bxd3 23. Qxd3 Rc4 24. f4 Qb5 25. g5 Nh5 26. Bxg7 Kxg7 27. Nd4 Qc5
28. Nf5+ Kf8 29. Ng3 Rd4 30. Qf3 Ke8 31. Nxh5 gxh5 32. Qxh5 Rxe4 33. Qg4 e6 34.
g6 Kd7 35. g7 Qe5 36. Qg1 Qxf4 1-0

[Event "7th Chennai Open"]
[Site "Chennai"]
[Date "2015.01.02"]
[Round "6"]
[White "Gasanov, Eldar"]
[Black "Shivananda, B.S."]
[Result "1-0"]
[WhiteElo "2526"]
[BlackElo "2305"]
[PlyCount "91"]
[EventDate "2014.12.30"]
[EventType "swiss"]
[EventRounds "10"]
[EventCountry "IND"]

1. d4 Nf6 2. Bg5 c5 3. d5 Ne4 4. Bf4 d6 5. f3 Nf6 6. e4 g6 7. c4 Bg7 8. Nc3 O-O
9. Qd2 Re8 10. Bd3 Nbd7 11. b3 b5 12. cxb5 a6 13. Nge2 axb5 14. Bxb5 Ba6 15.
Bxa6 Rxa6 16. O-O Qa8 17. Nb5 Rc8 18. Nec3 Nb6 19. Bh6 Bh8 20. Rac1 Ne8 21. Rc2
Nc7 22. Rfc1 Qb7 23. Nxc7 Qxc7 24. Ne2 Rca8 25. b4 Qa7 26. bxc5 Nd7 27. Nd4
Nxc5 28. Nc6 Qb7 29. e5 Bg7 30. Bxg7 Kxg7 31. exd6 exd6 32. Qd4+ Kg8 33. Re2
Rxc6 34. dxc6 Qxc6 35. Rd1 Qa6 36. Rdd2 Rd8 37. h4 Ne6 38. Qf6 Qb6+ 39. Kh2 d5
40. h5 gxh5 41. Re5 d4 42. Rg5+ Kf8 43. Rxh5 Qc7+ 44. g3 Qc1 45. Re2 Qb1 46.
Rf5 1-0

[Event "7th Chennai Open"]
[Site "Chennai"]
[Date "2015.01.02"]
[Round "6"]
[White "Neverov, Valeriy"]
[Black "Navin, Kanna T.U"]
[Result "1/2-1/2"]
[WhiteElo "2501"]
[BlackElo "2374"]
[PlyCount "172"]
[EventDate "2014.12.30"]
[EventType "swiss"]
[EventRounds "10"]
[EventCountry "IND"]

1. Nf3 Nf6 2. c4 c6 3. Nc3 d5 4. e3 e6 5. b3 Nbd7 6. Bb2 Bd6 7. d4 O-O 8. Be2
b6 9. O-O Bb7 10. Re1 Rc8 11. Bf1 Qe7 12. g3 Rfd8 13. Bg2 Bb4 14. Nd2 c5 15. a3
Bxc3 16. Bxc3 cxd4 17. exd4 Nb8 18. Qf3 Bc6 19. Bb4 Qb7 20. c5 Na6 21. Rac1 Nd7
22. Qg4 Bb5 23. Bc3 Nf6 24. Qh4 Bd3 25. b4 Nb8 26. Re3 Bg6 27. Nc4 Ne8 28. Ne5
Nc6 29. Nxg6 hxg6 30. g4 bxc5 31. Rh3 f6 32. dxc5 d4 33. Bd2 Qe7 34. Qh7+ Kf7
35. Re1 Qf8 36. Rh6 Ne7 37. Rh3 Nc7 38. Qh4 Ncd5 39. f4 Qe8 40. Qf2 Qd7 41. Rd3
Nc7 42. Re4 Nc6 43. Re1 a6 44. Bc3 Nd5 45. Bd2 Re8 46. h3 Rcd8 47. Qf3 Qb7 48.
g5 f5 49. Qe2 a5 50. Rb3 axb4 51. axb4 d3 52. Rxd3 Ncxb4 53. Rb3 Qc7 54. Qc4
Nc6 55. Reb1 Na5 56. Bxa5 Qxa5 57. Rb7+ Re7 58. Rxe7+ Nxe7 59. c6 Qa7+ 60. Kh1
Rd4 61. Qc3 Qa2 62. Re1 Rd2 63. Ra1 Qc2 64. Qxc2 Rxc2 65. Ra7 Rc4 66. c7 Nc8
67. Rb7 Ke7 68. Bf1 Rc1 69. Kg2 Kd6 70. Ba6 Rxc7 71. Rxc7 Kxc7 72. Bb5 Kd8 73.
h4 Ke7 74. Kf3 Nd6 75. Ba4 Nf7 76. Bb3 e5 77. fxe5 Nxe5+ 78. Kg3 Nd3 79. Ba2
Nc5 80. Kf4 Kd6 81. Bf7 Nd3+ 82. Ke3 Ne5 83. Be8 Ke7 84. Bb5 Nf7 85. Kf4 Nd8
86. Ke5 Nf7+ 1/2-1/2

[Event "7th Chennai Open"]
[Site "Chennai"]
[Date "2015.01.02"]
[Round "6"]
[White "Vignesh, Nr"]
[Black "Karthikeyan, Murali"]
[Result "0-1"]
[WhiteElo "2340"]
[BlackElo "2497"]
[PlyCount "92"]
[EventDate "2014.12.30"]
[EventType "swiss"]
[EventRounds "10"]
[EventCountry "IND"]

1. e4 g6 2. d4 Bg7 3. Nc3 d6 4. g3 Nf6 5. Bg2 O-O 6. Nge2 Nbd7 7. O-O c6 8. a4
e5 9. h3 exd4 10. Nxd4 Re8 11. Re1 a5 12. b3 h5 13. Bf4 Nb6 14. Qd2 d5 15. e5
Nh7 16. h4 Bg4 17. f3 Bd7 18. Rad1 Nf8 19. Bg5 Qc7 20. f4 Bg4 21. Bf3 Bxf3 22.
Nxf3 Nbd7 23. Kg2 f6 24. exf6 Nxf6 25. Ne5 N6h7 26. Nxd5 cxd5 27. Qxd5+ Ne6 28.
Nc4 Qc5 29. Qxb7 Nhxg5 30. hxg5 Qf5 31. Qe4 Nd4 32. Qxf5 Nxf5 33. Rxe8+ Rxe8
34. Kf2 Bd4+ 35. Kf3 Bc3 36. Kf2 Re7 37. Rd3 Be1+ 38. Kg2 Bxg3 39. Ne5 Rc7 40.
Nxg6 Kg7 41. Ne5 Rxc2+ 42. Kf3 Rf2+ 43. Ke4 Rxf4+ 44. Kd5 h4 45. Rc3 Ne7+ 46.
Ke6 Re4 0-1

[Event "7th Chennai Open"]
[Site "Chennai"]
[Date "2015.01.02"]
[Round "6"]
[White "Deepan, Chakkravarthy J"]
[Black "Pradeep, Kumar R.A"]
[Result "1/2-1/2"]
[WhiteElo "2489"]
[BlackElo "2291"]
[PlyCount "78"]
[EventDate "2014.12.30"]
[EventType "swiss"]
[EventRounds "10"]
[EventCountry "IND"]

1. e4 c5 2. Nf3 Nc6 3. Bb5 g6 4. Bxc6 dxc6 5. d3 Bg7 6. h3 Nf6 7. O-O O-O 8.
Be3 Nd7 9. Nc3 e5 10. Nd2 Qe7 11. a4 a5 12. Nc4 Rd8 13. Qf3 Nf8 14. Qg3 Ne6 15.
Ne2 Qc7 16. Bd2 b6 17. Bc3 Nd4 18. Nxd4 cxd4 19. Bd2 Be6 20. b3 Bxc4 21. bxc4
b5 22. axb5 cxb5 23. cxb5 Rdb8 24. f4 Qxc2 25. Bxa5 Rxb5 26. fxe5 Rbxa5 27.
Rxa5 Rxa5 28. e6 Re5 29. Qf4 Qc7 30. exf7+ Kf8 31. Qd2 Re7 32. Qb4 Be5 33. Qa3
Qb7 34. Qc5 Bb8 35. Qg5 Rxf7 36. Qd8+ Kg7 37. Qxd4+ Kh6 38. Qe3+ Kg7 39. Qd4+
Kf8 1/2-1/2

[Event "7th Chennai Open"]
[Site "Chennai"]
[Date "2015.01.02"]
[Round "6"]
[White "Harsha, Bharathakoti"]
[Black "Shyam, Nikil P"]
[Result "1/2-1/2"]
[WhiteElo "2309"]
[BlackElo "2454"]
[PlyCount "110"]
[EventDate "2014.12.30"]
[EventType "swiss"]
[EventRounds "10"]
[EventCountry "IND"]

1. d4 Nf6 2. c4 e6 3. Nc3 Bb4 4. Qc2 d5 5. cxd5 exd5 6. Bg5 h6 7. Bh4 O-O 8. e3
Be6 9. a3 Be7 10. Bd3 c5 11. Nge2 c4 12. Bxf6 Bxf6 13. Bh7+ Kh8 14. Bf5 Qd7 15.
g4 Nc6 16. O-O-O Bxf5 17. Qxf5 Qxf5 18. gxf5 Ne7 19. h4 Rfd8 20. Nf4 Rab8 21.
a4 b6 22. Rdg1 a6 23. Rg4 Rd6 24. Nh5 Nxf5 25. Nxf6 gxf6 26. Rhg1 Ne7 27. Ne2
Rg8 28. Rxg8+ Nxg8 29. Nf4 f5 30. Kd2 Ne7 31. h5 Ng8 32. f3 Nf6 33. b3 b5 34.
axb5 axb5 35. bxc4 dxc4 36. Rb1 Rb6 37. Kc3 Kg7 38. d5 Nd7 39. Kd4 Kf6 40. Ne2
Rb8 41. e4 Ne5 42. f4 Nf3+ 43. Kc5 Rc8+ 44. Kd6 Rd8+ 45. Kc7 Ke7 46. Rxb5 Rd7+
47. Kc8 fxe4 48. Ng3 Rd8+ 49. Kc7 Rd7+ 50. Kc8 Nd4 51. Rc5 Rd8+ 52. Kc7 Rd7+
53. Kc8 Rd8+ 54. Kc7 Rd7+ 55. Kc8 Rd8+ 1/2-1/2

[Event "7th Chennai Open"]
[Site "Chennai"]
[Date "2015.01.02"]
[Round "6"]
[White "Nguyen, Van Huy"]
[Black "Abhishek, Kelkar"]
[Result "1/2-1/2"]
[WhiteElo "2445"]
[BlackElo "2280"]
[PlyCount "48"]
[EventDate "2014.12.30"]
[EventType "swiss"]
[EventRounds "10"]
[EventCountry "IND"]

1. d4 d5 2. Nf3 Nf6 3. c4 c6 4. Qb3 dxc4 5. Qxc4 Bf5 6. g3 e6 7. Bg2 Nbd7 8.
O-O Be7 9. e3 O-O 10. Rd1 h6 11. Qe2 Rc8 12. Nc3 Ne4 13. Nd2 Nxc3 14. bxc3 Bc2
15. Re1 Bg6 16. a4 Qc7 17. Ba3 Bxa3 18. Rxa3 c5 19. Qb5 Rb8 20. a5 Rfc8 21.
Rea1 Nf6 22. Rb3 Ne8 23. Qxc5 Qxc5 24. Bxb7 Bc2 1/2-1/2

[Event "7th Chennai Open"]
[Site "Chennai"]
[Date "2015.01.02"]
[Round "6"]
[White "Ravi, Teja S"]
[Black "Gagare, Shardul"]
[Result "1-0"]
[WhiteElo "2306"]
[BlackElo "2411"]
[PlyCount "91"]
[EventDate "2014.12.30"]
[EventType "swiss"]
[EventRounds "10"]
[EventCountry "IND"]

1. d4 Nf6 2. Nf3 g6 3. c4 Bg7 4. g3 O-O 5. Bg2 d6 6. Nc3 Nbd7 7. O-O e5 8. e4
exd4 9. Nxd4 Re8 10. Re1 Nc5 11. h3 Bd7 12. Kh2 a5 13. Ndb5 a4 14. Rb1 h5 15.
Bg5 Qb8 16. Qd2 Bc6 17. Nd4 Nfd7 18. Nd5 Bxd4 19. Qxd4 Ne6 20. Qd2 Nxg5 21.
Qxg5 Bxd5 22. cxd5 Qd8 23. Qxd8 Raxd8 24. b4 axb3 25. axb3 Ra8 26. Re2 Ra3 27.
b4 Rc3 28. Ra2 g5 29. Rbb2 Rc4 30. Ra7 Rb8 31. h4 gxh4 32. gxh4 Ne5 33. Ra3 f5
34. exf5 Rxh4+ 35. Rh3 Rc4 36. Rxh5 Rf8 37. b5 b6 38. Bh3 Rf7 39. Ra2 Rg7 40.
Bg2 Rc3 41. Ra1 Ng4+ 42. Kg1 Nxf2 43. f6 Rxg2+ 44. Kxg2 Ne4 45. Rf1 Rc2+ 46.
Kg1 1-0

[Event "7th Chennai Open"]
[Site "Chennai"]
[Date "2015.01.02"]
[Round "6"]
[White "Laxman, R.R."]
[Black "Dhulipalla, Bala Chandra Prasad"]
[Result "1/2-1/2"]
[WhiteElo "2408"]
[BlackElo "2205"]
[PlyCount "92"]
[EventDate "2014.12.30"]
[EventType "swiss"]
[EventRounds "10"]
[EventCountry "IND"]

1. d4 Nf6 2. Nf3 g6 3. c4 Bg7 4. Nc3 O-O 5. e4 d6 6. h3 e5 7. d5 a5 8. Bg5 Na6
9. Be2 Qe8 10. Nd2 Nd7 11. a3 Nb6 12. Be3 f5 13. f3 Bd7 14. Qc2 Qe7 15. O-O-O
Bf6 16. Kb1 f4 17. Bg1 Bh4 18. Nb5 Bxb5 19. cxb5 Nc5 20. Nb3 Nbd7 21. Nxc5 Nxc5
22. Bxc5 dxc5 23. b6 Qd6 24. bxc7 Rfc8 25. Bc4 Rxc7 26. a4 Kg7 27. Rd3 Rd7 28.
Rb3 Qc7 29. Rd1 Rd6 30. Rb5 b6 31. Rb3 h5 32. Bb5 Rb8 33. Bc6 Qc8 34. Rb5 Qf8
35. Qe2 Bd8 36. Rb3 h4 37. Rc1 Bc7 38. Qa6 Qd8 39. Qc4 Kf6 40. Qc3 Qe7 41. Qe1
Kg7 42. Rb5 Qg5 43. Qe2 Qd8 44. Rc2 Qe7 45. Qc4 Qd8 46. Rb3 Qe7 1/2-1/2

[Event "7th Chennai Open"]
[Site "Chennai"]
[Date "2015.01.02"]
[Round "6"]
[White "Sidhant, Mohapatra"]
[Black "Rajesh, V A V."]
[Result "1/2-1/2"]
[WhiteElo "2281"]
[BlackElo "2408"]
[PlyCount "62"]
[EventDate "2014.12.30"]
[EventType "swiss"]
[EventRounds "10"]
[EventCountry "IND"]

1. d4 Nf6 2. Nf3 g6 3. Bf4 Bg7 4. e3 O-O 5. Be2 d6 6. h3 c5 7. c3 b6 8. O-O Bb7
9. Nbd2 Nbd7 10. Bh2 Re8 11. a4 a6 12. Re1 Qc7 13. Qb3 Rab8 14. Ng5 e6 15. Bf3
Bxf3 16. Ngxf3 Bf8 17. e4 Nh5 18. Nf1 Qb7 19. Rad1 Rbc8 20. Qc2 cxd4 21. Rxd4
e5 22. Rdd1 Nhf6 23. N3d2 Qc6 24. c4 b5 25. axb5 axb5 26. Ne3 Bh6 27. b3 Bxe3
28. Rxe3 Nb6 29. Bg3 bxc4 30. Bh4 Nh5 31. Nxc4 Nxc4 1/2-1/2

[Event "7th Chennai Open"]
[Site "Chennai"]
[Date "2015.01.02"]
[Round "6"]
[White "Ramnath, Bhuvanesh.R"]
[Black "Saranya, J."]
[Result "1-0"]
[WhiteElo "2405"]
[BlackElo "2104"]
[PlyCount "119"]
[EventDate "2014.12.30"]
[EventType "swiss"]
[EventRounds "10"]
[EventCountry "IND"]

1. e4 c5 2. b3 a6 3. Bb2 Nc6 4. Nf3 e6 5. d4 cxd4 6. Nxd4 Qa5+ 7. Nd2 Nf6 8.
Nxc6 dxc6 9. Bd3 Bb4 10. a3 Bxd2+ 11. Qxd2 Qxd2+ 12. Kxd2 c5 13. b4 Bd7 14.
bxc5 Rc8 15. Rab1 Bc6 16. f3 Nd7 17. Bd4 Ke7 18. Ke2 f6 19. Kf2 Rhd8 20. Be3
Kf7 21. Be2 Ke7 22. g4 h6 23. h4 Rh8 24. c3 g5 25. Rh2 Ne5 26. Rbh1 Ng6 27.
hxg5 hxg5 28. Rh7+ Rxh7 29. Rxh7+ Kf8 30. Bc4 Re8 31. Bd4 Re7 32. Rh5 Kg7 33.
Rh1 e5 34. Be3 Rd7 35. Rb1 Ne7 36. Ke2 Rc7 37. Be6 Bd7 38. Bc4 Bc6 39. Rd1 Rd7
40. Rh1 Rc7 41. Rb1 Kg6 42. Kf2 Kg7 43. Be6 Bd7 44. Bd5 Nxd5 45. exd5 Bb5 46.
Rb4 Kf7 47. c4 Be8 48. Rb6 Kg7 49. c6 bxc6 50. d6 Rd7 51. Rxc6 Bf7 52. c5 Bc4
53. Rb6 Kf7 54. c6 Rxd6 55. c7 Rxb6 56. c8=Q Rb2+ 57. Kg3 Bf1 58. Bf2 Be2 59.
Qc3 Rb7 60. Qc2 1-0